000 00529nam a2200205Ia 4500
005 20260429112159.0
008 260429s9999||||xx |||||||||||||| ||und||
020 _a9781836592310
041 _aEnglish
082 _a342.0878
_bCHA
100 _aChavez, Miranda
245 0 _aViolence, law and women's rights /
_cMiranda Chavez
250 _a1st ed.
260 _aUnited Kingdom :
_bEd-Tech Press,
_c2025.
300 _axii, 253 p.; hb
650 _a Law
650 _a Women rights
650 _aViolence
942 _cTB
999 _c52755
_d52755